000 00506nam a22001697a 4500
003 NUST - PNEC
005 20170116181018.0
008 150915b xxu||||| |||| 00| 0 eng d
020 _a1556151195
040 _cLIBRARY
082 _a005.446 WOL
100 _910491
_aWolverton, Van
245 _aSupercharging MS-DOS : the microsoft guide to high performance computing for the experienced PC user
_cVan Wolverton
260 _cc.1986
650 _910492
_aMS-DOS (Computer file)
_xMIS
942 _2ddc
_cBK
999 _c67313
_d67313